| 000 | 00502nam a22001697a 4500 | ||
|---|---|---|---|
| 003 | PILC | ||
| 005 | 20150112093446.0 | ||
| 008 | 130514t xxu||||| |||| 00| 0 eng d | ||
| 020 | _a9718210210 | ||
| 050 |
_aPE 1475 _b.C454 2002 |
||
| 082 |
_aFIL 808 _bD49 2002 |
||
| 100 |
_aChan, Edita I. _927203 |
||
| 245 |
_aDeveloping writing skills for College / _cEdita I. Chan ... [et,al.] |
||
| 260 |
_aValenzuela City : _bMutya Publishing House. _c2002. |
||
| 300 |
_a69 pages : _c25 cm. |
||
| 942 |
_2lcc _cBK |
||
| 999 |
_c14928 _d14928 |
||